Statistical mechanics : (Record no. 53051)
[ view plain ]
| 000 -LEADER | |
|---|---|
| fixed length control field | 00824nam a2200229 a 4500 |
| 001 - CONTROL NUMBER | |
| control field | 53051 |
| 003 - CONTROL NUMBER IDENTIFIER | |
| rucl marc code | BD-RJUL |
| 005 - DATE AND TIME OF LATEST TRANSACTION | |
| control field | 20211209075912.0 |
| 008 - FIXED-LENGTH DATA ELEMENTS--GENERAL INFORMATION | |
| fixed length control field | 161002r19711965ne 001 0 eng |
| 035 ## - SYSTEM CONTROL NUMBER | |
| System control number | BD-RJUL 53171 |
| 040 ## - CATALOGING SOURCE | |
| Original cataloging agency | AKR |
| Language of cataloging | eng |
| Transcribing agency | BD-RjUL |
| 041 ## - LANGUAGE CODE | |
| Language code of text/sound track or separate title | eng |
| 082 ## - DEWEY DECIMAL CLASSIFICATION NUMBER | |
| Edition number | 23 |
| Classification number | 530.13 |
| Author mark and year | KUS 1971 |
| 090 ## - LOCALLY ASSIGNED LC-TYPE CALL NUMBER (OCLC); LOCAL CALL NUMBER (OCLC) | |
| Classification number (OCLC) (R) ; Classification number, CALL (RLIN) (NR) | QC175 |
| Local cutter number (OCLC) ; Book number/undivided call number, CALL (RLIN) | .K83 |
| 100 1# - MAIN ENTRY--PERSONAL NAME | |
| Personal name | Kubo, Ryōgo, |
| Dates associated with a name | 1920-1995 |
| 9 (RLIN) | 158557 |
| 245 10 - TITLE STATEMENT | |
| Title | Statistical mechanics : |
| Remainder of title | an advanced course with problems and solutions / |
| Statement of responsibility, etc. | Ryogo Kubo, in cooperation with Hiroshi Ichimura, Tsunemaru Usui [and] Natsuki Hashitsume |
| 260 ## - PUBLICATION, DISTRIBUTION, ETC. (IMPRINT) | |
| Place of publication, distribution, etc. | Amsterdam : |
| Name of publisher, distributor, etc. | North Holland Pub. Co ; |
| Place of publication, distribution, etc. | New York : |
| Name of publisher, distributor, etc. | American Elsevier Pub. Co, |
| Date of publication, distribution, etc. | , c1965 [prntings 1971] |
| 300 ## - PHYSICAL DESCRIPTION | |
| Pagination | xii, 425 p. : |
| Illustrations | ill. ; |
| Size | 23 cm |
| 500 ## - GENERAL NOTE | |
| General note | Includes index |
| 650 #0 - SUBJECT ADDED ENTRY--TOPICAL TERM | |
| Topical term or geographic name as entry element | Statistical mechanics |
| 9 (RLIN) | 117125 |
| 942 ## - ADDED ENTRY ELEMENTS (KOHA) | |
| Source of classification or shelving scheme | Dewey Decimal Classification |
| Koha item type | Books |
| Lost status | Source of classification or shelving scheme | Damaged status | Not for loan | Collection code | Permanent Location | Current Location | Shelving location | Date acquired | Source of acquisition | Total Checkouts | Full call number | Date last seen | Copy number | Koha item type | Cost, normal purchase price |
|---|---|---|---|---|---|---|---|---|---|---|---|---|---|---|---|
| Dewey Decimal Classification | Non-fiction | Central Library, University of Rajshahi | Central Library, University of Rajshahi | 28/11/1973 | U.S. Govt. | 530.13 KUS 1971 | 02/10/2016 | C-2 | Books | ||||||
| Dewey Decimal Classification | Non-fiction | Central Library, University of Rajshahi | Central Library, University of Rajshahi | 28/11/1973 | U.S. Govt. | 530.13 KUS 1971 | 30/10/2016 | C-3 | Books | ||||||
| Dewey Decimal Classification | Non-fiction | Central Library, University of Rajshahi | Central Library, University of Rajshahi | 28/11/1973 | U.S. Govt. | 530.13 KUS 1971 | 29/11/2016 | C-4 | Books | 22.00 | |||||
| Dewey Decimal Classification | Not For Loan | Non-fiction | Central Library, University of Rajshahi | Central Library, University of Rajshahi | Reading Room | 28/11/1973 | U. S. Govt. | 530.13 KUS 1971 | 06/05/2017 | C-1 | Books | 0.00 | |||
| Dewey Decimal Classification | Non-fiction | Central Library, University of Rajshahi | Central Library, University of Rajshahi | 28/11/1973 | U. S. Govt. | 530.13 KUS 1971 | 06/05/2017 | C-5 | Books | 0.00 | |||||
| Dewey Decimal Classification | Non-fiction | Central Library, University of Rajshahi | Central Library, University of Rajshahi | 28/11/1973 | U. S. Govt. | 530.13 KUS 1971 | 06/05/2017 | C-6 | Books | 0.00 | |||||
| Dewey Decimal Classification | Non-fiction | Central Library, University of Rajshahi | Central Library, University of Rajshahi | 28/11/1973 | U. S. Govt. | 530.13 KUS 1971 | 06/05/2017 | C-7 | Books | 0.00 | |||||
| Dewey Decimal Classification | Non-fiction | Central Library, University of Rajshahi | Central Library, University of Rajshahi | 28/11/1973 | U. S. Govt. | 530.13 KUS 1971 | 06/05/2017 | C-8 | Books | 0.00 | |||||
| Dewey Decimal Classification | Non-fiction | Central Library, University of Rajshahi | Central Library, University of Rajshahi | 28/11/1973 | U. S. Govt. | 530.13 KUS 1971 | 06/05/2017 | C-9 | Books | 0.00 | |||||
| Dewey Decimal Classification | Non-fiction | Central Library, University of Rajshahi | Central Library, University of Rajshahi | 28/11/1973 | U. S. Govt. | 530.13 KUS 1971 | 06/05/2017 | C-10 | Books | 0.00 |